GRE: Week one: Day Three Vocab Quiz Stats

 Plays Quiz not verified by Sporcle

Also try: Spanish: Days
Challenge
Share
Tweet
Embed
Score 0/10 Timer 02:00
0 Plays Today
Hint Vocabulary % Correct
adj: shapelessAmorphous
85.6%
adj: mixed or conflicting emotions about somethingAmbivalent
83.7%
verb: to suggest something subtlyIntimate
76.9%
adj: To be in proportion or corresponding in degree or amountCommensurate
76%
verb: to object or show reluctanceDemur
74%
verb: to make less severe; to limit(a statement)Qualify
73.1%
verb: to speak in an evasive wayPrevaricate
67.3%
adj: complicated, and difficult to comprehendInvolved
66.3%
adj: to be naive and innocentingenuous
63.5%
noun: The condition of being succeptible to bribe or corruptionVenality
58.7%

You're not logged in!

Compare scores with friends on all Sporcle quizzes.
Join for Free
OR
Log In

You Might Also Like...

Show Comments

Extras

Created Mar 29, 2015ReportNominate
Tags:Vocabulary Quiz, gre, three, week

Top Quizzes Today


Score Distribution

Your Account Isn't Verified!

In order to create a playlist on Sporcle, you need to verify the email address you used during registration. Go to your Sporcle Settings to finish the process.

Report this User

Report this user for behavior that violates our Community Guidelines.

Details: